000
00333nam a2200133Ia 4500
008
240624s9999 xx 000 0 und d
041
_a
eng
082
_a
658.15224 MAN
100
_a
MANSFIELD HEATHER
245
_a
MOBILE FOR GOOD
260
_c
2014
_a
New Delhi
_b
Tata McGraw-Hill
300
_a
244 : p. : cm. ; 28
365
_c
RS
_b
33
999
_c
25617
_d
25617